| 000 | 01647cab a2200229 4500 | ||
|---|---|---|---|
| 001 | ##L136596 | ||
| 008 | 070212n2007 000 0 eng u | ||
| 035 | _a(Sirsi) u136596 | ||
| 041 | 0 | _aeng | |
| 110 | 1 |
_aUnited Kingdom _bDepartment of Trade and Industry |
|
| 245 | 0 | 0 |
_aNew construction orders _bDecember 2006 _h[electronic resource] |
| 260 | _c2007 | ||
| 490 | 0 |
_aGNN Press Release _v(143768P) 8 February 2007 |
|
| 500 | _aIn 2006 orders increased by 6% when compared with 2005, although orders in the fourth quarter 2006 remained unchanged when compared with the fourth quarter 2005. Orders in the fourth quarter 2006 dropped by 3% compared to the previous three months. During this period, there were increases in private housing, infrastructure and private industrial orders although these were outweighed by decreases in public housing and private commercial orders. | ||
| 520 | _aIn 2006, orders increased by 6% when compared with 2005, although orders in the fourth quarter 2006 remained unchanged when compared with the fourth quarter 2005. Orders in the fourth quarter 2006 dropped by 3% compared to the previous three months. During this period, there were increases in private housing, infrastructure and private industrial orders although these were outweighed by decreases in public housing and private commercial orders. | ||
| 590 | _aKA | ||
| 650 | 2 | 4 | _aDBERR NEW CONSTRUCTION ORDERS |
| 651 | 4 | _aGREAT BRITAIN | |
| 690 | _aBUILT ENVIRONMENT-CONSTRUCTION MARKET | ||
| 856 | 4 | 0 |
_uhttps://www.ciob.org.uk/news/new-construction-orders-december-2006 _zView the item free of charge at the www.gnn.gov.uk website. |
| 942 | _n0 | ||
| 999 |
_c78362 _d78362 |
||